El renacer de la Casa Larga Vichuquén

Salvato in:
Dettagli Bibliografici
Autore principale: Vergara Lara, Carolina (Autore)
Natura: Libro
Lingua:spagnolo
Pubblicazione: Maule Ediciones Universidad Católica del Maule 2017
Edizione:1a. ed
Soggetti:
Tags: Aggiungi Tag
Nessun Tag, puoi essere il primo ad aggiungerne!!

MARC

LEADER 00000cam a2200000 a 4500
001 UCC4021
003 CL-VaPUC
008 180629e20170000cl |||||||||||||||||spa|d
020 |a 9789567576869 
082 0 4 |a 720  |b VER  |2 21 
100 0 |a Vergara Lara, Carolina  |e author  |9 598142 
245 1 3 |a El renacer de la Casa Larga Vichuquén 
246 1 4 |a The revival of Casa Larga Vichuquén 
250 |a 1a. ed 
300 |a 143 p 
942 |c BK 
945 |d 20180629 12:42:00  |a dcastane 
260 |a Maule  |b Ediciones Universidad Católica del Maule  |c 2017 
650 0 |a Patrimonio arquitectónico  |9 488599 
650 7 |a RECONSTRUCCION  |2 CL-VaPUC  |9 354860 
650 0 |a Viviendas residenciales  |9 598143 
583 |a last modification  |c 20181010 02:46:02  |k Rodrigo Vera 
999 |c 371633  |d 371631 
952 |0 0  |1 0  |3 erb  |4 0  |6 720_000000000000000_VER_2017  |7 0  |8 A  |9 488696  |a BIBARQ  |b BIBARQ  |i 5478863  |o 720 VER 2017  |p 5478863  |r 2025-01-20  |w 2019-11-24  |y BK  |z Catalogado en:20180629  |k ARQ 
952 |0 0  |1 0  |3 erb  |4 0  |6 720_000000000000000_VER_2017  |7 0  |8 X  |9 488697  |a FDOBUD  |b FDOBUD  |i 5500753  |o 720 VER 2017  |p 5500753  |r 2019-11-24  |w 2019-11-24  |y BK_X  |z Catalogado en:20180927  |k BUD